Văn học Việt Nam thế kỷ XX / Q.5, T.II Lý luận - phê bình 1945 - 1975

Gespeichert in:
Bibliographische Detailangaben
Weitere Verfasser: PGS.TS. Nguyễn Đăng Điệp (biên soạn), PGS.TS.TônThảo Miên (biên soạn)
Format: Buch
Sprache:Vietnamese
Veröffentlicht: H. : Văn học, 2004.
Schlagworte:
Tags: Tag hinzufügen
Keine Tags, Fügen Sie den ersten Tag hinzu!
Thư viện lưu trữ: Mạng thư viện Đại học Đà Nẵng
LEADER 01259nam a2200349 4500
001 000005841
003 1994
005 20180912091758.0
008 110823s2004 viesd
020 |c 0 
041 0 |a vie 
082 |a 895.922  |b VAN 
245 1 0 |a Văn học Việt Nam thế kỷ XX /  |c Nguyễn Ngọc Thiện chủ biên  |n Q.5, T.II  |p Lý luận - phê bình 1945 - 1975 
260 |a H. :  |b Văn học,  |c 2004. 
300 |a 1099 tr. ;  |c 24 cm. 
653 |a Văn học Việt Nam 
653 |a Lý luận - phê bình 1945 - 1975 
653 |a Nghiên cứu văn học 
700 |a PGS.TS. Nguyễn Đăng Điệp  |e biên soạn 
700 |a PGS.TS.TônThảo Miên  |e biên soạn 
773 |t Văn học Việt Nam thế kỷ XX  |w 1848 
910 |a Thu Sương  |d 19/8/2011 
OWN |a LSP 
AVA |a UDN50  |b LSP  |d 895.922 VAN  |e available  |t Error 5001 Not defined in file expand_doc_bib_avail.  |f 4  |g 0  |h N  |i 0  |k 1 
999 |a From the UDN01 
AVA |a UDN50  |b LSP  |d 895.922 VAN  |e available  |t Error 5001 Not defined in file expand_doc_bib_avail.  |f 4  |g 0  |h N  |i 0  |k 1 
TYP |a Monograph 
TYP |a Printed language 
980 |a Mạng thư viện Đại học Đà Nẵng